Vicisitudes de la lengua española en Santo Domingo / (Registro nro. 16640)
[ vista simple ]
| 000 -CABECERA | |
|---|---|
| campo de control de longitud fija | 00477nam a2200157 a 4500 |
| 001 - NÚMERO DE CONTROL | |
| campo de control | 000017114 |
| 005 - FECHA Y HORA DE LA ÚLTIMA TRANSACCIÓN | |
| campo de control | 20240305073653.0 |
| 008 - DATOS DE LONGITUD FIJA--INFORMACIÓN GENERAL | |
| campo de control de longitud fija | 100317s1944 dr 000 0 spa d |
| 040 ## - FUENTE DE LA CATALOGACIÓN | |
| Centro catalogador/agencia de origen | DO-SdBNP |
| 082 ## - NÚMERO DE LA CLASIFICACIÓN DECIMAL DEWEY | |
| Número de clasificación | xxx |
| Número de documento/Ítem | R696v |
| 049 ## - FONDOS LOCALES (OCLC) | |
| Fondos de biblioteca | BNPD |
| 100 1# - ENTRADA PRINCIPAL--NOMBRE DE PERSONA | |
| Nombre de persona | Rodríguez Demorizi, Emilio, |
| Fechas asociadas al nombre | 1908-1986 |
| 9 (RLIN) | 1039 |
| 245 10 - MENCIÓN DE TÍTULO | |
| Título | Vicisitudes de la lengua española en Santo Domingo / |
| Mención de responsabilidad, etc. | Emilio Rodríguez Demorizi. |
| 260 ## - PUBLICACIÓN, DISTRIBUCIÓN, ETC. | |
| Lugar de publicación, distribución, etc. | Ciudad Trujillo : |
| Nombre del editor, distribuidor, etc. | Montalvo, |
| Fecha de publicación, distribución, etc. | 1944. |
| 300 ## - DESCRIPCIÓN FÍSICA | |
| Extensión | 25 p. ; |
| Dimensiones | 26 cm. |
| Estado de retiro | Estado de pérdida | Restricciones de uso | No para préstamo | Código de colección | Localización permanente | Ubicación/localización actual | Ubicación en estantería | Fecha de adquisición | Número de inventario | Total de préstamos | Signatura topográfica completa | Código de barras | Fecha visto por última vez | Número de copia | Precio válido a partir de | Tipo de ítem Koha | Nota pública |
|---|---|---|---|---|---|---|---|---|---|---|---|---|---|---|---|---|---|
| Raros y valiosos | General | General | Depósito | 17.03.2010 | LF1 | xxx R696v | 17114-30 | 25.06.2020 | e. 3 | 25.06.2020 | Préstamo en sala | ||||||
| Raros y valiosos | General | General | Depósito | 09.09.2013 | LF1 | xxx R696v | 17114-60 | 25.06.2020 | e. 4 | 25.06.2020 | Préstamo en sala | ||||||
| Excluido de préstamo | Raros y valiosos | Patrimonio Dominicano | Patrimonio Dominicano | Depósito | 17.03.2010 | LF1 | xxx R696v | 17114-10 | 25.06.2020 | 25.06.2020 | No se presta | Perteneció a la biblioteca personal de Martínez Boog. | |||||
| Excluido de préstamo | Raros y valiosos | Patrimonio Dominicano | Patrimonio Dominicano | Depósito | 17.03.2010 | LF1 | xxx R696v | 17114-20 | 25.06.2020 | e. 2 | 25.06.2020 | No se presta |
